An introduction to the foundations of education

שמור ב:
מידע ביבליוגרפי
מחבר ראשי: Ornstein, Allan C.
פורמט: ספר
שפה:אנגלית
יצא לאור: Houghton Mifflin. c1985.
מהדורה:3ª ed.
נושאים:
תגים: הוספת תג
אין תגיות, היה/י הראשונ/ה לתייג את הרשומה!

MARC

LEADER 00000nam a22000005a 4500
001 3573
003 CL-ChBUA
005 20120815102830.0
008 070301s1985 xxu 000 0 eng
020 |a 0395358043 
040 |a CL-ChBUA  |c CL-ChBUA 
082 0 0 |a 370.1 
090 |c 3573  |d 3573 
100 1 |a Ornstein, Allan C. 
245 1 0 |a An introduction to the foundations of education 
250 |a 3ª ed. 
260 |b Houghton Mifflin.  |c c1985. 
300 |a xvii, 557 p.  |c 24 cm. 
504 |a Indice. 
650 4 |a EDUCACION - FILOSOFIA. 
650 4 |a EDUCACION - TEORIA. 
942 |c LIB 
952 |0 0  |1 0  |4 0  |7 0  |9 5307  |a UNACH  |b UNACH  |c 300  |d 2007-03-05  |i 28.242.  |l 1  |o 370.1 / Or 74. c.2  |p 6306  |r 2017-08-10 00:00:00  |s 2017-08-03  |u 5307  |w 2012-08-08  |y LIB  |k 370.1 / Or 74. c.2 
999 |c 3573  |d 3573